Fr. Conceicao Rodrigues College of Engineering

Automotive service and repair Tools (Record no. 27435)

MARC details
000 -LEADER
fixed length control field 00306nam a2200133Ia 4500
082 ## - DEWEY DECIMAL CLASSIFICATION NUMBER
Classification number 629.28702
100 ## - MAIN ENTRY--PERSONAL NAME
Personal name Hill/ H.G.
245 ## - TITLE STATEMENT
Title Automotive service and repair Tools
260 ## - PUBLICATION, DISTRIBUTION, ETC.
Name of publisher, distributor, etc. Van nostand rainhold
Place of publication, distribution, etc. New York
Date of publication, distribution, etc. 1975
300 ## - PHYSICAL DESCRIPTION
Extent 344
546 ## - LANGUAGE NOTE
Language note ENGLISH
654 ## - SUBJECT ADDED ENTRY--FACETED TOPICAL TERMS
Focus term Repair tools
942 ## - ADDED ENTRY ELEMENTS (KOHA)
Koha item type Reference Book
Holdings
Withdrawn status Lost status Damaged status Not for loan Collection Home library Current library Shelving location Date acquired Cost, normal purchase price Inventory number Total Checkouts Full call number Barcode Date last seen Cost, replacement price Price effective from Koha item type
        AFT Fr. Agnel's C.Rodrigues College of Engineering Fr. Agnel's C.Rodrigues College of Engineering   17/03/2023 89.13 IBL:7151   629.28702 AFT2076 17/03/2023 89.13 17/03/2023 Reference Book